000 00494 a2200169 4500
003 OSt
005 20250610133931.0
008 250528b |||||||| |||| 00| 0 eng d
020 _a9781637457856
040 _coclc
082 _a823.92
_bMAN/P
100 _aMandawat, Samridhhi
_910542
245 _aParables and secrets ! /
_c Samridhhi Mandawat,
260 _aChennai:
_b Notion Press,
_c202.
300 _a220 pages
942 _2ddc
_cBK
_h823.92
_iMAN/P
_k823.92
_mMAN/P
999 _c44578
_d44578